[Event "Czech Open Rapid 2019"]
[Site "Pardubice"]
[Date "2019.07.18"]
[Round "9.11"]
[White "Panesso Rivera, Henry"]
[Black "Gazik, Viktor"]
[Result "0-1"]
[WhiteElo "2380"]
[BlackElo "2525"]
[Annotator "ChessBase"]
[PlyCount "124"]
[EventDate "2019.07.17"]
[EventType "swiss"]
[EventCountry "CZE"]
[SourceTitle "playchess.com"]
[Source "ChessBase"]
[SourceQuality "1"]

1. Nf3 g6 2. g3 Bg7 3. Bg2 Nf6 4. c4 O-O 5. Nc3 d6 6. O-O e5 7. d3 Nc6 8. Rb1 a5 9. a3 Re8 10. Bg5 h6 11. Bxf6 Bxf6 12. Nd5 Bg7 13. Nd2 Bg4 14. h3 Be6 15. b4 axb4 16. axb4 Qc8 17. Kh2 Ra2 18. e3 Nb8 19. Ne4 Kh8 20. Nec3 Ra8 21. Nb5 Bxd5 22. cxd5 Qd7 23. Nc3 f5 24. Qb3 Na6 25. Rfc1 h5 26. h4 Qe7 27. Qc4 Bh6 28. Re1 Rac8 29. Ne2 Qf7 30. f4 Kh7 31. Qb5 Rb8 32. d4 Re7 33. Ng1 Qe8 34. Qf1 Ra8 35. dxe5 dxe5 36. Nf3 e4 37. Nd4 Nb8 38. Qc4 Nd7 39. Nb5 Rc8 40. Bf1 Nf6 41. Be2 Rd7 42. Red1 Qd8 43. Nc3 Ra8 44. b5 b6 45. Ra1 Rxa1 46. Rxa1 Bf8 47. Ra7 Bc5 48. Qa2 Bxe3 49. Bc4 Ng4+ 50. Kh3 Qf6 51. d6 Qxc3 52. dxc7 Qe1 53. Qg2 Nf2+ 54. Kh2 Ng4+ 55. Kh3 Bd4 56. c8=Q Rxa7 57. Qg8+ Kh6 58. Bf7 Bg7 59. Bxg6 Kxg6 60. Qe8+ Rf7 61. Qc6+ Bf6 62. Qxb6 Ne3 0-1

[Event "Czech Open Rapid 2019"]
[Site "Pardubice"]
[Date "2019.07.18"]
[Round "9.11"]
[White "Slovak, Kilian"]
[Black "Blatny, Pavel"]
[Result "0-1"]
[WhiteElo "2242"]
[BlackElo "2321"]
[Annotator "NA"]
[PlyCount "70"]
[EventDate "2019.07.17"]
[EventType "swiss"]
[EventCountry "CZE"]
[SourceTitle "playchess.com"]
[Source "ChessBase"]
[SourceQuality "1"]

1. e4 b6 2. d4 Bb7 3. Bd3 e6 4. Nf3 Ne7 5. O-O g6 6. c4 Bg7 7. Nc3 d6 8. Be3 Nd7 9. Qc2 h6 10. b4 g5 11. d5 g4 12. Nd2 Ne5 13. Be2 h5 14. Rac1 a5 15. a3 h4 16. dxe6 fxe6 17. c5 axb4 18. axb4 bxc5 19. bxc5 d5 20. Nb3 h3 21. g3 dxe4 22. Nd4 Bd5 23. Rfd1 Qc8 24. Bb5+ c6 25. Be2 O-O 26. Nxe4 Ra2 27. Qb1 Nf5 28. Nxf5 exf5 29. Nd2 Qe6 30. Rc2 Ra4 31. Qb7 Ng6 32. Bd3 Ra3 33. Bc4 Bxc4 34. Nxc4 Qe4 35. Kf1 Qxc2 0-1

[Event "Czech Open Rapid 2019"]
[Site "Pardubice"]
[Date "2019.07.18"]
[Round "9.12"]
[White "Vykouk, Jan"]
[Black "Pulpan, Jakub"]
[Result "1/2-1/2"]
[WhiteElo "2453"]
[BlackElo "2414"]
[Annotator "ChessBase"]
[PlyCount "100"]
[EventDate "2019.07.17"]
[EventType "swiss"]
[EventCountry "CZE"]
[SourceTitle "playchess.com"]
[Source "ChessBase"]
[SourceQuality "1"]

1. e4 e5 2. Nf3 Nc6 3. d4 exd4 4. Nxd4 Bb4+ 5. c3 Bc5 6. Be3 Bb6 7. Bc4 Nf6 8. Nxc6 bxc6 9. Bxb6 axb6 10. e5 Qe7 11. O-O Ne4 12. Qg4 Qxe5 13. Re1 d5 14. Qe2 O-O 15. Bd3 Qg5 16. Bxe4 dxe4 17. Qxe4 Be6 18. c4 Rae8 19. h4 Qc5 20. Nd2 Rd8 21. Rad1 Bf5 22. Qf4 Bc2 23. Rc1 Qf5 24. Qxf5 Bxf5 25. Nf3 f6 26. c5 b5 27. Rcd1 Bg4 28. Kh2 Bxf3 29. gxf3 Kf7 30. Kg3 Rd5 31. b4 Ra8 32. Rxd5 cxd5 33. Re2 c6 34. f4 Ra4 35. f5 g6 36. Re6 gxf5 37. Rxc6 Rxb4 38. Rd6 Rg4+ 39. Kh3 Rd4 40. c6 b4 41. f3 Kg6 42. c7 Rc4 43. Rd7 h6 44. Kg3 f4+ 45. Kh3 h5 46. Rxd5 Rxc7 47. Rd4 Rc2 48. Rxb4 Rxa2 49. Rxf4 Ra5 50. Rb4 Rc5 1/2-1/2

[Event "Czech Open Rapid 2019"]
[Site "Pardubice"]
[Date "2019.07.18"]
[Round "9.13"]
[White "Gagare, Shardul"]
[Black "Skliarov, Viktor"]
[Result "1-0"]
[WhiteElo "2476"]
[BlackElo "2360"]
[Annotator "ChessBase"]
[PlyCount "71"]
[EventDate "2019.07.17"]
[EventType "swiss"]
[EventCountry "CZE"]
[SourceTitle "playchess.com"]
[Source "ChessBase"]
[SourceQuality "1"]

1. d4 Nf6 2. c4 e6 3. Nf3 b6 4. g3 Bb7 5. Bg2 Be7 6. O-O O-O 7. Re1 Na6 8. Nc3 Ne4 9. Qc2 Nb4 10. Qb1 f5 11. Ne5 Nxc3 12. bxc3 Bxg2 13. Kxg2 d6 14. Nf3 Nc6 15. d5 exd5 16. cxd5 Ne5 17. Nd4 Qd7 18. f4 Ng6 19. Ne6 Rf7 20. e4 fxe4 21. Qxe4 Bf6 22. Bd2 Qb5 23. Rab1 Qa6 24. a4 Rc8 25. g4 Qb7 26. g5 Be7 27. Kg3 c6 28. c4 cxd5 29. cxd5 Bf8 30. Rbc1 Rxc1 31. Rxc1 Ne7 32. Nd8 Qxd5 33. Qxd5 Nxd5 34. Nxf7 Kxf7 35. f5 Ke7 36. Rc8 1-0

[Event "Czech Open Rapid 2019"]
[Site "Pardubice"]
[Date "2019.07.18"]
[Round "9.13"]
[White "Nun, Jiri"]
[Black "Yakimenko, Alexander A."]
[Result "1-0"]
[WhiteElo "2310"]
[BlackElo "2057"]
[Annotator "NA"]
[PlyCount "95"]
[EventDate "2019.07.17"]
[EventType "swiss"]
[EventCountry "CZE"]
[SourceTitle "playchess.com"]
[Source "ChessBase"]
[SourceQuality "1"]

1. e4 e6 2. d3 d5 3. Nd2 Nf6 4. Ngf3 Be7 5. g3 b6 6. Bg2 Bb7 7. e5 Nfd7 8. O-O c5 9. Re1 Nc6 10. c3 Qc7 11. Qe2 g5 12. g4 h5 13. h3 O-O-O 14. Nf1 Rdg8 15. a3 Kb8 16. b4 Ka8 17. Bd2 Ba6 18. Rab1 Bc8 19. b5 Na5 20. c4 Bb7 21. Bxa5 bxa5 22. cxd5 exd5 23. Ng3 hxg4 24. hxg4 Nb6 25. Nf5 Rg6 26. d4 c4 27. Qe3 Rc8 28. Rec1 Qd8 29. Ne1 Qf8 30. Nc2 Na4 31. Qh3 Qd8 32. Nce3 Bxa3 33. Rc2 Bb4 34. Qh7 Qg8 35. Qh1 Nc3 36. Rxc3 Bxc3 37. Bxd5 Rc7 38. Nd6 Rxd6 39. exd6 Rd7 40. Nf5 Kb8 41. Qe4 Bb4 42. Bxb7 Rxb7 43. Ne7 Qh8 44. Nc6+ Kc8 45. Rxb4 axb4 46. Na5 Rb6 47. Qa8+ Rb8 48. Qc6+ 1-0

[Event "Czech Open Rapid 2019"]
[Site "Pardubice"]
[Date "2019.07.18"]
[Round "9.14"]
[White "Frolov, Artur"]
[Black "Plat, Vojtech"]
[Result "1-0"]
[WhiteElo "2453"]
[BlackElo "2548"]
[Annotator "TA"]
[PlyCount "119"]
[EventDate "2019.07.17"]
[EventType "swiss"]
[EventCountry "CZE"]
[SourceTitle "playchess.com"]
[Source "ChessBase"]
[SourceQuality "1"]

1. e4 e5 2. Nf3 Nc6 3. Bb5 a6 4. Ba4 g6 5. c3 Bg7 6. O-O Nge7 7. d4 exd4 8. cxd4 O-O 9. d5 b5 10. Bb3 Na5 11. Bc2 Nc4 12. Nc3 Bb7 13. Bd3 f5 14. Bxc4 bxc4 15. e5 d6 16. Bf4 Nxd5 17. Nxd5 dxe5 18. Bxe5 Qxd5 19. Bxg7 Kxg7 20. Qe1 Rae8 21. Qc3+ Kg8 22. Rac1 Re4 23. Rfd1 Qc6 24. Rd4 Rfe8 25. h3 Qb5 26. Rxc4 Rxc4 27. Qxc4+ Qxc4 28. Rxc4 Re7 29. Rc5 Kg7 30. Ne5 g5 31. g3 Kf6 32. f4 gxf4 33. gxf4 Ke6 34. Kf2 Rg7 35. Nf3 Rd7 36. Ke3 Kf6 37. Ne5 Rg7 38. Kd4 h5 39. h4 Ke6 40. b4 Kd6 41. Nc4+ Ke6 42. Ne5 Kd6 43. a4 Rg1 44. Nc4+ Ke6 45. Rxc7 Bd5 46. Ne3 Be4 47. Ra7 Rh1 48. Rxa6+ Kd7 49. Ke5 Re1 50. Ra7+ Kc8 51. Nxf5 Bb1+ 52. Kf6 Kb8 53. Ra5 Rg1 54. Ne7 Rg4 55. Rxh5 Rxf4+ 56. Ke5 Re4+ 57. Kd6 Rd4+ 58. Kc5 Rd1 59. Nc6+ Kc7 60. b5 1-0

[Event "Czech Open Rapid 2019"]
[Site "Pardubice"]
[Date "2019.07.18"]
[Round "9.14"]
[White "Tesar, Jan"]
[Black "Karsay, Pascal"]
[Result "0-1"]
[WhiteElo "2034"]
[BlackElo "2304"]
[Annotator "NA"]
[PlyCount "64"]
[EventDate "2019.07.17"]
[EventType "swiss"]
[EventCountry "CZE"]
[SourceTitle "playchess.com"]
[Source "ChessBase"]
[SourceQuality "1"]

1. c4 Nf6 2. Nc3 c5 3. g3 d5 4. cxd5 Nxd5 5. Bg2 Nc7 6. Nf3 Nc6 7. O-O g6 8. d3 Bg7 9. Be3 b6 10. Qd2 O-O 11. Bh6 Bb7 12. Bxg7 Kxg7 13. Rad1 Ne6 14. h4 Qd7 15. Bh3 f5 16. h5 Ned4 17. h6+ Kg8 18. Nh4 Rad8 19. e3 Ne6 20. e4 fxe4 21. Nxe4 Ncd4 22. Qe3 Qd5 23. Bg2 Qh5 24. Rfe1 Nc2 25. Qc1 Nxe1 26. Rxe1 Nd4 27. a3 Ne2+ 28. Rxe2 Qxe2 29. Nxg6 hxg6 30. Qg5 Bxe4 31. Qxe7 Qxf2+ 32. Kh2 Qxg2# 0-1

[Event "Czech Open Rapid 2019"]
[Site "Pardubice"]
[Date "2019.07.18"]
[Round "9.15"]
[White "Polschikov, Alexey"]
[Black "Votava, Jan"]
[Result "1/2-1/2"]
[WhiteElo "2375"]
[BlackElo "2521"]
[Annotator "ChessBase"]
[PlyCount "197"]
[EventDate "2019.07.17"]
[EventType "swiss"]
[EventCountry "CZE"]
[SourceTitle "playchess.com"]
[Source "ChessBase"]
[SourceQuality "1"]

1. Nf3 Nf6 2. c4 c6 3. Nc3 d5 4. d4 e6 5. g3 b6 6. Bg2 Bb7 7. O-O Nbd7 8. Nd2 Be7 9. e4 O-O 10. e5 Ne8 11. cxd5 cxd5 12. Re1 Nc7 13. h4 b5 14. Nf3 b4 15. Ne2 a5 16. Bg5 h6 17. Bxe7 Qxe7 18. Rc1 Rfc8 19. Qd2 Nb6 20. b3 Nb5 21. g4 Na3 22. g5 hxg5 23. Nxg5 Nd7 24. Nf4 Nf8 25. Bf1 Bc6 26. Rc5 Be8 27. Rec1 Rxc5 28. Rxc5 Nb1 29. Qe3 Nc3 30. Qg3 Nd7 31. Rc7 Qd8 32. Nh5 g6 33. Rxd7 Bxd7 34. Qf4 Qe7 35. Nf6+ Kg7 36. h5 Bb5 37. Bxb5 Nxb5 38. hxg6 fxg6 39. Qg4 Nc7 40. f4 Rf8 41. Nf3 Rxf6 42. exf6+ Qxf6 43. Ne5 Nb5 44. Kf2 Nxd4 45. Ke3 Nc6 46. Nxc6 Qc3+ 47. Kf2 Qxc6 48. Qg5 Qd6 49. Ke2 Qc7 50. Kd1 d4 51. Ke2 Qc2+ 52. Kf3 Qd3+ 53. Kf2 Qe3+ 54. Kf1 Qf3+ 55. Kg1 Kf7 56. Qxa5 Qg3+ 57. Kh1 Qh3+ 58. Kg1 Qg3+ 59. Kh1 Qxf4 60. Qxb4 Qf3+ 61. Kg1 d3 62. Qd2 e5 63. a4 Qg3+ 64. Kf1 Qf3+ 65. Kg1 Qg3+ 66. Kf1 Qf3+ 67. Kg1 Ke6 68. a5 Qg3+ 69. Kf1 Qf3+ 70. Kg1 Qg3+ 71. Kf1 Qf3+ 72. Kg1 e4 73. a6 Qg3+ 74. Qg2 Qxg2+ 75. Kxg2 d2 76. a7 d1=Q 77. a8=Q Qf3+ 78. Kg1 Qd1+ 79. Kf2 Qc2+ 80. Kg1 Kf5 81. Qd5+ Kf4 82. Qf7+ Ke3 83. Qxg6 Qd1+ 84. Kh2 Qe2+ 85. Kg1 Qe1+ 86. Kg2 Qf2+ 87. Kh1 Qf3+ 88. Kg1 Kd2 89. Qd6+ Kc3 90. Qc5+ Kxb3 91. Qb5+ Kc2 92. Qc4+ Kd2 93. Qb4+ Ke2 94. Qb2+ Ke3 95. Qc3+ Kf4 96. Qf6+ Kg3 97. Qg5+ Qg4 98. Qxg4+ Kxg4 99. Kf2 1/2-1/2

[Event "Czech Open Rapid 2019"]
[Site "Pardubice"]
[Date "2019.07.18"]
[Round "9.15"]
[White "Nikologorsky, Matfei"]
[Black "Bares, Jachym"]
[Result "1/2-1/2"]
[WhiteElo "2223"]
[BlackElo "2015"]
[Annotator "NA"]
[PlyCount "81"]
[EventDate "2019.07.17"]
[EventType "swiss"]
[EventCountry "CZE"]
[SourceTitle "playchess.com"]
[Source "ChessBase"]
[SourceQuality "1"]

1. e4 e5 2. Nf3 Nc6 3. Bb5 f5 4. d4 fxe4 5. Nxe5 Nxe5 6. dxe5 c6 7. Be2 Qa5+ 8. Bd2 Qxe5 9. Bc3 Qg5 10. O-O Nf6 11. f4 Bc5+ 12. Kh1 Qf5 13. b4 Bb6 14. g4 Qd5 15. Nd2 e3+ 16. Bf3 Qd6 17. Qe2 O-O 18. Nc4 Qe7 19. Be5 Qf7 20. Nd6 Qe6 21. c4 Bc7 22. Rad1 a5 23. b5 Bxd6 24. Rxd6 Qe7 25. Rd3 d5 26. g5 Nd7 27. Rxe3 Nxe5 28. Rxe5 Qc7 29. bxc6 dxc4 30. Re7 Qd6 31. cxb7 Bxb7 32. Rxb7 Rae8 33. Qxc4+ Kh8 34. Qc3 Re7 35. Rxe7 Qxe7 36. Re1 Qd6 37. Re4 Rb8 38. Qxa5 h6 39. Qe1 hxg5 40. Re8+ Kh7 41. Qe4+ 1/2-1/2

[Event "Czech Open Rapid 2019"]
[Site "Pardubice"]
[Date "2019.07.18"]
[Round "9.16"]
[White "Mogilny, Evgeny"]
[Black "Jezbera, Jiri"]
[Result "0-1"]
[WhiteElo "2298"]
[BlackElo "2133"]
[Annotator "NA"]
[PlyCount "144"]
[EventDate "2019.07.17"]
[EventType "swiss"]
[EventCountry "CZE"]
[SourceTitle "playchess.com"]
[Source "ChessBase"]
[SourceQuality "1"]

1. d4 Nf6 2. Nf3 g6 3. c4 Bg7 4. Nc3 O-O 5. e4 d6 6. Bd3 e5 7. d5 a5 8. h3 Na6 9. Be3 Nc5 10. Bc2 Nh5 11. Qd2 f5 12. Bh6 fxe4 13. Nxe4 Nf4 14. Bxf4 Nxe4 15. Bxe4 Rxf4 16. Qe2 Bf5 17. Nd2 Bxe4 18. Nxe4 Qd7 19. O-O-O Raf8 20. f3 a4 21. Kb1 Rb8 22. c5 dxc5 23. Nxc5 Qf5+ 24. Ne4 b5 25. d6 cxd6 26. Rxd6 Bf8 27. Rf6 Qc8 28. Rc1 Qd8 29. Rxf4 exf4 30. Rd1 Qe7 31. Qd3 Bg7 32. Qd5+ Kh8 33. Ng5 h6 34. Ne4 Qb4 35. Qd2 Qc4 36. Rc1 Qe6 37. Qd6 Qxd6 38. Nxd6 b4 39. Rc4 a3 40. b3 Kh7 41. Kc2 g5 42. h4 Kg6 43. hxg5 hxg5 44. Ne4 Bf8 45. Rc6+ Kh5 46. Nf6+ Kh4 47. Nd7 Rd8 48. Nxf8 Rxf8 49. Rc5 Rg8 50. Kd2 Kg3 51. Kd3 Kxg2 52. Ke4 g4 53. Rc2+ Kg3 54. fxg4 f3 55. Kf5 Rxg4 56. Rc1 Rf4+ 57. Ke5 Rh4 58. Rg1+ Kh2 59. Rg8 f2 60. Rf8 Kg1 61. Rg8+ Kf1 62. Kd5 Rf4 63. Kc5 Ke2 64. Re8+ Kf3 65. Rd8 f1=Q 66. Kb6 Qf2+ 67. Ka5 Qc5+ 68. Ka4 Qa7+ 69. Kb5 Qb7+ 70. Ka4 Qc6+ 71. Ka5 Qc7+ 72. Ka4 Qxd8 0-1

[Event "Czech Open Rapid 2019"]
[Site "Pardubice"]
[Date "2019.07.18"]
[Round "9.17"]
[White "Shcherbin, Matvei"]
[Black "Lalic, Bogdan"]
[Result "0-1"]
[WhiteElo "2366"]
[BlackElo "2411"]
[Annotator "NA"]
[PlyCount "66"]
[EventDate "2019.07.17"]
[EventType "swiss"]
[EventCountry "CZE"]
[SourceTitle "playchess.com"]
[Source "ChessBase"]
[SourceQuality "1"]

1. e4 c5 2. c3 Nf6 3. e5 Nd5 4. d4 cxd4 5. Nf3 Nc6 6. cxd4 d6 7. Bc4 dxe5 8. Nxe5 e6 9. O-O Be7 10. Qf3 O-O 11. Rd1 Bf6 12. Bxd5 exd5 13. Nc3 Be6 14. Bf4 Rc8 15. Nxc6 Rxc6 16. Be5 Be7 17. Qg3 f6 18. Bf4 Qd7 19. Re1 Rfc8 20. Rac1 Bf8 21. h3 b5 22. Ne2 Rc4 23. Qe3 Bf7 24. Rxc4 dxc4 25. Rd1 b4 26. Bg3 Qa4 27. Ra1 Qc2 28. Qf3 Qxb2 29. Rc1 Re8 30. Re1 c3 31. d5 Qd2 32. Kf1 Bxd5 33. Qh5 g6 0-1

[Event "Czech Open Rapid 2019"]
[Site "Pardubice"]
[Date "2019.07.18"]
[Round "9.17"]
[White "Bystrov, Sergej M."]
[Black "Jires, Jiri"]
[Result "1/2-1/2"]
[WhiteElo "2197"]
[BlackElo "2096"]
[Annotator "NA"]
[PlyCount "118"]
[EventDate "2019.07.17"]
[EventType "swiss"]
[EventCountry "CZE"]
[SourceTitle "playchess.com"]
[Source "ChessBase"]
[SourceQuality "1"]

1. e4 e5 2. Nf3 Nc6 3. Bc4 Nf6 4. d3 Be7 5. O-O d6 6. c3 O-O 7. Bb3 Na5 8. Bc2 c5 9. Nbd2 Nc6 10. Re1 Re8 11. Nf1 h6 12. Ng3 Bf8 13. h3 d5 14. Qe2 d4 15. Nh2 Qc7 16. Qf3 Nh7 17. Nf5 Ne7 18. g4 Ng5 19. Qg3 Ng6 20. Ba4 Rd8 21. cxd4 Qa5 22. Bxg5 hxg5 23. Bb3 cxd4 24. Nf3 Be6 25. Nxg5 Bxb3 26. axb3 Qd2 27. Nf3 Qxd3 28. N3h4 Nf4 29. Qxd3 Nxd3 30. Red1 Nc5 31. Rac1 Rac8 32. Nf3 f6 33. Nd2 Nd3 34. Rxc8 Rxc8 35. Nc4 Nc5 36. Nd2 Rc6 37. f4 g6 38. Nh4 Kf7 39. fxe5 fxe5 40. Rf1+ Rf6 41. Nhf3 Ke6 42. Nc4 Nxe4 43. Ncxe5 Ng3 44. Re1 Kd5 45. Kg2 Rb6 46. Kxg3 Rxb3 47. Nf7 Rxb2 48. Kf4 d3 49. Rd1 Rb3 50. h4 a5 51. Kg5 a4 52. N7e5 Ke4 53. Nxg6 Kxf3 54. Rf1+ Ke2 55. Rxf8 d2 56. Nf4+ Ke3 57. Re8+ Kf3 58. Rd8 Rb5+ 59. Kg6 Kxf4 1/2-1/2

[Event "Czech Open Rapid 2019"]
[Site "Pardubice"]
[Date "2019.07.18"]
[Round "9.18"]
[White "Escobar Medina, Andres F"]
[Black "Manik, Mikulas"]
[Result "0-1"]
[WhiteElo "2296"]
[BlackElo "2377"]
[Annotator "NA"]
[PlyCount "38"]
[EventDate "2019.07.17"]
[EventType "swiss"]
[EventCountry "CZE"]
[SourceTitle "playchess.com"]
[Source "ChessBase"]
[SourceQuality "1"]

1. e4 c5 2. Nf3 d6 3. Bb5+ Nd7 4. d4 cxd4 5. Qxd4 a6 6. Bxd7+ Bxd7 7. Bg5 h6 8. Bh4 Rc8 9. Nc3 e5 10. Qd3 g5 11. Bg3 Nf6 12. h4 g4 13. Nd2 b5 14. a3 Be6 15. f4 gxf3 16. gxf3 Nh5 17. Nf1 Bc4 18. Qe3 Bxf1 19. Bh2 Bg2 0-1

[Event "Czech Open Rapid 2019"]
[Site "Pardubice"]
[Date "2019.07.18"]
[Round "9.19"]
[White "Zanan, Evgeny"]
[Black "Meleshko, Volodymyr"]
[Result "1-0"]
[WhiteElo "2505"]
[BlackElo "2270"]
[Annotator "ChessBase"]
[PlyCount "51"]
[EventDate "2019.07.17"]
[EventType "swiss"]
[EventCountry "CZE"]
[SourceTitle "playchess.com"]
[Source "ChessBase"]
[SourceQuality "1"]

1. d4 Nf6 2. Bf4 e6 3. e3 d5 4. Nf3 Bd6 5. Bg3 c5 6. c3 Qc7 7. Nbd2 Nbd7 8. Bh4 O-O 9. Bd3 Be7 10. O-O e5 11. e4 dxe4 12. Nxe4 Nxe4 13. Bxe7 Re8 14. Bh4 exd4 15. Re1 Ndf6 16. Qc2 Qc6 17. cxd4 cxd4 18. Qxc6 bxc6 19. Bxf6 Nxf6 20. Rxe8+ Nxe8 21. Nxd4 Bd7 22. Rc1 Rb8 23. b3 c5 24. Rxc5 Rc8 25. Rxc8 Bxc8 26. Nc6 1-0

[Event "Czech Open Rapid 2019"]
[Site "Pardubice"]
[Date "2019.07.18"]
[Round "9.19"]
[White "Taranik, Olexiy"]
[Black "Trasak, Ondrej"]
[Result "1-0"]
[WhiteElo "2124"]
[BlackElo "1978"]
[Annotator "NA"]
[PlyCount "123"]
[EventDate "2019.07.17"]
[EventType "swiss"]
[EventCountry "CZE"]
[SourceTitle "playchess.com"]
[Source "ChessBase"]
[SourceQuality "1"]

1. e4 c6 2. Nf3 d5 3. Nc3 Bg4 4. h3 Bxf3 5. Qxf3 Nf6 6. d3 e6 7. Be2 Bb4 8. O-O Nbd7 9. Qg3 g6 10. Bh6 Qb8 11. Qh4 Be7 12. Bg5 Ng8 13. Bxe7 Nxe7 14. f4 d4 15. Nb1 Qd6 16. Nd2 O-O-O 17. Nc4 Qc5 18. a3 Ng8 19. e5 Rf8 20. b4 Qe7 21. Qf2 h5 22. Qxd4 Kb8 23. Bf3 Nh6 24. Qd6+ Qxd6 25. Nxd6 Nf5 26. Nxf5 gxf5 27. d4 Nb6 28. a4 h4 29. a5 Nd5 30. Bxd5 cxd5 31. Rf3 Rc8 32. c3 Rc4 33. Rd1 Rg8 34. Rdd3 Kc7 35. g3 Kd7 36. Kf2 hxg3+ 37. Rxg3 Rxg3 38. Rxg3 Ke7 39. h4 Rc8 40. h5 Rh8 41. Rh3 Rh6 42. Ke3 Kd7 43. Kd3 Kc6 44. c4 dxc4+ 45. Kxc4 a6 46. Rh4 b5+ 47. axb6 Kxb6 48. Rh1 Kc6 49. Rh2 Kb6 50. Rg2 Rxh5 51. Rg7 Rh4 52. Rxf7 Rxf4 53. Rf6 Kb7 54. Rxe6 Rf1 55. Re7+ Kb8 56. Kc5 a5 57. bxa5 Rc1+ 58. Kd6 Ra1 59. Rf7 Rxa5 60. Rxf5 Ra6+ 61. Kc5 Ra5+ 62. Kb6 1-0

[Event "Czech Open Rapid 2019"]
[Site "Pardubice"]
[Date "2019.07.18"]
[Round "9.20"]
[White "Novik, Maxim"]
[Black "Biolek, Richard Jr."]
[Result "1/2-1/2"]
[WhiteElo "2450"]
[BlackElo "2447"]
[Annotator "ChessBase"]
[PlyCount "130"]
[EventDate "2019.07.17"]
[EventType "swiss"]
[EventCountry "CZE"]
[SourceTitle "playchess.com"]
[Source "ChessBase"]
[SourceQuality "1"]

1. d4 Nc6 2. Nf3 d5 3. g3 Bf5 4. Bg2 Nb4 5. O-O Bxc2 6. Qd2 e6 7. Nc3 Bg6 8. Ne5 Bd6 9. Nxg6 hxg6 10. a3 Nc6 11. e4 dxe4 12. Nxe4 Nf6 13. Nxf6+ Qxf6 14. d5 exd5 15. Re1+ Ne7 16. Qxd5 c6 17. Qb3 O-O-O 18. Be3 Kb8 19. Rac1 Bc7 20. Qa4 Bb6 21. Qf4+ Bc7 22. Bxa7+ Kxa7 23. Qxf6 gxf6 24. Rxe7 Bd6 25. Rxf7 Rhf8 26. Rg7 Rg8 27. Rf7 Rgf8 28. Rg7 Rg8 29. Rh7 Rh8 30. Rxh8 Rxh8 31. Rd1 Be5 32. Rd2 g5 33. Be4 Kb6 34. Kg2 Kc7 35. Bf5 b5 36. h3 Kb6 37. Kf3 c5 38. Kg4 Rg8 39. Be6 Rg7 40. Kf5 c4 41. f4 gxf4 42. gxf4 Bc7 43. Rf2 Rh7 44. Kxf6 Rh6+ 45. Kf7 Bd8 46. Bg4 Bh4 47. Rf3 Bf6 48. Rf2 Bh4 49. Rf1 Bf6 50. Rb1 Bd4 51. f5 Kc5 52. Ke7 Rh7+ 53. Ke6 Rh6+ 54. Kf7 Rf6+ 55. Ke7 Rh6 56. Kd7 Rh7+ 57. Ke8 Rh8+ 58. Kf7 Rh6 59. Rf1 Bxb2 60. f6 c3 61. Kg7 Rxf6 62. Kxf6 c2+ 63. Kg6 c1=Q 64. Rxc1+ Bxc1 65. Kf7 Bb2 1/2-1/2

[Event "Czech Open Rapid 2019"]
[Site "Pardubice"]
[Date "2019.07.18"]
[Round "9.20"]
[White "Odler, Daniel"]
[Black "Ret, Adam Josef"]
[Result "1/2-1/2"]
[WhiteElo "2047"]
[BlackElo "1943"]
[Annotator "NA"]
[PlyCount "31"]
[EventDate "2019.07.17"]
[EventType "swiss"]
[EventCountry "CZE"]
[SourceTitle "playchess.com"]
[Source "ChessBase"]
[SourceQuality "1"]

1. e4 d6 2. d4 Nf6 3. Nc3 e5 4. dxe5 dxe5 5. Qxd8+ Kxd8 6. Nf3 Bd6 7. Bg5 Bg4 8. Bc4 Be6 9. Bxe6 fxe6 10. O-O-O Nbd7 11. Rd2 a6 12. Rhd1 h6 13. Bxf6+ gxf6 14. g3 Ke7 15. Nh4 Rhg8 16. f3 1/2-1/2

[Event "Czech Open Rapid 2019"]
[Site "Pardubice"]
[Date "2019.07.18"]
[Round "9.21"]
[White "Simacek, Pavel"]
[Black "Turner, Jan"]
[Result "1-0"]
[WhiteElo "2490"]
[BlackElo "2330"]
[Annotator "ChessBase"]
[PlyCount "75"]
[EventDate "2019.07.17"]
[EventType "swiss"]
[EventCountry "CZE"]
[SourceTitle "playchess.com"]
[Source "ChessBase"]
[SourceQuality "1"]

1. e4 e6 2. d4 d5 3. Nd2 c5 4. exd5 Qxd5 5. Ngf3 cxd4 6. Bc4 Qc5 7. O-O Nc6 8. a3 a6 9. b4 Qb6 10. Nb3 Nf6 11. Bb2 Be7 12. Nbxd4 O-O 13. Nxc6 Qxc6 14. Ne5 Qc7 15. Bd3 b5 16. Qf3 Bb7 17. Qg3 Be4 18. Bxe4 Nxe4 19. Qe3 Nf6 20. Rac1 Rac8 21. c4 bxc4 22. Nxc4 Nd5 23. Qe2 Qb7 24. Qg4 g6 25. Rfd1 Rfd8 26. Na5 Qa8 27. Be5 Bf6 28. Qe4 Bxe5 29. Qxe5 Rxc1 30. Rxc1 Rc8 31. Rc5 Rd8 32. h4 h5 33. g3 Nf4 34. Nc6 Rd1+ 35. Kh2 Nd3 36. Qf6 Rh1+ 37. Kxh1 Nxc5 38. Qf3 1-0

[Event "Czech Open Rapid 2019"]
[Site "Pardubice"]
[Date "2019.07.18"]
[Round "9.21"]
[White "Lymar, Vladislav"]
[Black "Rohan Bharat Joshi"]
[Result "1-0"]
[WhiteElo "2024"]
[BlackElo "1901"]
[Annotator "NA"]
[PlyCount "104"]
[EventDate "2019.07.17"]
[EventType "swiss"]
[EventCountry "CZE"]
[SourceTitle "playchess.com"]
[Source "ChessBase"]
[SourceQuality "1"]

1. e4 c5 2. Nf3 e6 3. g3 Nc6 4. Bg2 d6 5. O-O Nf6 6. Nc3 Be7 7. d4 cxd4 8. Nxd4 Bd7 9. Ndb5 Qb8 10. Bf4 Ne5 11. Bg5 a6 12. Bxf6 gxf6 13. Nd4 h5 14. h3 Qc7 15. Nce2 Rc8 16. Rc1 b5 17. b3 Qb6 18. Kh1 Nc6 19. f4 Nb4 20. a3 Na2 21. Ra1 Nc3 22. Nxc3 Rxc3 23. Rf3 Rxf3 24. Nxf3 e5 25. Qd2 Bc6 26. Nh4 Bd7 27. Rf1 Rg8 28. Kh2 Qc5 29. Bf3 exf4 30. gxf4 Bd8 31. b4 Qc4 32. Be2 Qc8 33. Rf3 Be7 34. Rc3 Qb7 35. Bf3 Qb6 36. Ng2 h4 37. Qe1 Rg3 38. f5 d5 39. Bg4 Rxc3 40. Qxc3 Bd6+ 41. Kh1 Qf2 42. Qd3 Bc7 43. exd5 Bb6 44. Qe2+ Qxe2 45. Bxe2 Bf2 46. Bd3 Ke7 47. Nf4 Kd6 48. Kg2 Be3 49. Kf3 Bc1 50. Kg4 Ke5 51. Ne2 Bxa3 52. c3 Kxd5 1-0

[Event "Czech Open Rapid 2019"]
[Site "Pardubice"]
[Date "2019.07.18"]
[Round "9.22"]
[White "Gutman, Gennadi"]
[Black "Lederman, Leon"]
[Result "0-1"]
[WhiteElo "2466"]
[BlackElo "2238"]
[Annotator "TA"]
[PlyCount "68"]
[EventDate "2019.07.17"]
[EventType "swiss"]
[EventCountry "CZE"]
[SourceTitle "playchess.com"]
[Source "ChessBase"]
[SourceQuality "1"]

1. d4 Nf6 2. c4 c5 3. d5 e5 4. Nc3 d6 5. e4 Be7 6. Bd3 O-O 7. Nge2 Nh5 8. h4 g6 9. Bh6 Re8 10. g3 Bg4 11. Qd2 Bf8 12. Bxf8 Rxf8 13. Qe3 Qf6 14. O-O-O a6 15. f4 exf4 16. gxf4 Nd7 17. Rdg1 Bxe2 18. Nxe2 b5 19. Rg5 bxc4 20. Bc2 Rab8 21. e5 dxe5 22. fxe5 Rfe8 23. Rxh5 gxh5 24. Rg1+ Kh8 25. Qe4 Qh6+ 26. Kb1 Rxe5 27. Qxc4 Rbe8 28. Bd3 Qd2 29. Nc1 Re1 30. Rxe1 Rxe1 31. Bf5 Nf6 32. Qxc5 Qxd5 33. Qf8+ Ng8 34. Qc8 Qd2 0-1

[Event "Czech Open Rapid 2019"]
[Site "Pardubice"]
[Date "2019.07.18"]
[Round "9.22"]
[White "Dovzhenko, Viktor"]
[Black "Brozka, Karel"]
[Result "1-0"]
[WhiteElo "2100"]
[BlackElo "1816"]
[Annotator "NA"]
[PlyCount "107"]
[EventDate "2019.07.17"]
[EventType "swiss"]
[EventCountry "CZE"]
[SourceTitle "playchess.com"]
[Source "ChessBase"]
[SourceQuality "1"]

1. d4 Nf6 2. Bf4 g6 3. Nc3 Bg7 4. Qd2 d6 5. Nf3 Nbd7 6. Bh6 Bxh6 7. Qxh6 e6 8. Qg7 Rg8 9. Qh6 b6 10. e4 Bb7 11. Bd3 a6 12. Qf4 Qe7 13. O-O-O O-O-O 14. Qh4 e5 15. Rhe1 Rge8 16. Qh3 Kb8 17. Nd5 Nxd5 18. exd5 f5 19. dxe5 dxe5 20. c4 Qg7 21. Ng5 Nf8 22. Bc2 e4 23. Qe3 h6 24. Nh3 g5 25. g3 Nd7 26. Ng1 a5 27. Ne2 Ne5 28. Qc3 Qf7 29. Nd4 Rd6 30. Ne6 Nf3 31. Rh1 Bc8 32. c5 Rxd5 33. Rxd5 Bxe6 34. Rdd1 Qe7 35. c6 g4 36. h3 gxh3 37. Rxh3 f4 38. Rxh6 fxg3 39. Bxe4 Bxa2 40. Qxf3 Qc5+ 41. Qc3 Qg5+ 42. Qd2 Qc5+ 43. Bc2 gxf2 44. Rf6 f1=Q 45. Rdxf1 Ka7 46. Qf2 Qb4 47. Qf4 Re1+ 48. Rxe1 Qxe1+ 49. Bd1 Bb3 50. Qxc7+ Ka6 51. Qc8+ Kb5 52. Qf5+ Ka4 53. Qf4+ Kb5 54. Qf1+ 1-0